000 00558nam a2200193Ia 4500
005 20250326141942.0
008 250326s9999 xx 000 0 und d
020 _a0-471-91247-6
037 _aTextbook
040 _aFMSL
_beng
_cFMSL
041 _aeng
_2eng
084 _aX65 M7
_qFMSL
100 _aCooper D
_9127406
245 0 _aRisk analysis for large projects : Models methods and cases
_cCooper D; Chapman C
260 _aNew York
_bNew York, Johan Wiley
_c1987
300 _a268p
942 _cTB
_hX65 M7
999 _c1292761
_d1292761